ठाकुर घर / (Record no. 113479)

MARC details
000 -LEADER
fixed length control field 01324nam a22002897a 4500
005 - DATE AND TIME OF LATEST TRANSACTION
control field 20170202160124.0
008 - FIXED-LENGTH DATA ELEMENTS--GENERAL INFORMATION
fixed length control field 170202b xxu||||| |||| 00| 0 hin d
010 ## - LCCN (DPL NO)
LC control number A-883281
020 ## - INTERNATIONAL STANDARD BOOK NUMBER
Terms of availability 60.00
International Standard Book Number 8126001070
035 ## - SYSTEM CONTROL NUMBER
System control number A-883281
037 ## - SOURCE OF ACQUISITION
Source of stock number/acquisition Cen Lib/Ret
040 ## - CATALOGING SOURCE
Original cataloging agency DPL
Language of cataloging HN
082 ## - DEWEY DECIMAL CLASSIFICATION NUMBER
Classification number
Item number दासकि
100 ## - MAIN ENTRY--PERSONAL NAME
Personal name दास, किशोरी चरण
9 (RLIN) 52434
245 ## - TITLE STATEMENT
Title ठाकुर घर /
Statement of responsibility, etc किशोरी चरण दास; अनुवादक सिद्धार्थ मानसिंह महापात्र
246 ## - VARYING FORM OF TITLE
Title proper/short title Thakur ghar /
Remainder of title by Kishori Charan Das; anuvadak Siddharth Mansingh Mahapatra
260 ## - PUBLICATION, DISTRIBUTION, ETC. (IMPRINT)
Place of publication, distribution, etc नयी दिल्ली
Name of publisher, distributor, etc साहित्य अकादेमी
Date of publication, distribution, etc 1996
270 ## - ADDRESS
Address रबिन्द्र भवन, 35, फ़िरोज़शाह मार्ग
City नयी दिल्ली
Postal code 110001
300 ## - PHYSICAL DESCRIPTION
Extent 126पृ.
Dimensions 21सेमी (सजिल्द)
520 ## - SUMMARY, ETC.
Summary, etc AW
650 ## - SUBJECT ADDED ENTRY--TOPICAL TERM
Topical term or geographic name as entry element ओरिया साहित्य
9 (RLIN) 52435
650 ## - SUBJECT ADDED ENTRY--TOPICAL TERM
Topical term or geographic name as entry element कहानी संग्रह
9 (RLIN) 52436
650 ## - SUBJECT ADDED ENTRY--TOPICAL TERM
Topical term or geographic name as entry element Oriya literature
9 (RLIN) 23291
650 ## - SUBJECT ADDED ENTRY--TOPICAL TERM
Topical term or geographic name as entry element Story collection
9 (RLIN) 52437
700 ## - ADDED ENTRY--PERSONAL NAME
Personal name मानसिंह महापात्र, सिद्धार्थ
9 (RLIN) 52403
942 ## - ADDED ENTRY ELEMENTS (KOHA)
Source of classification or shelving scheme Dewey Decimal Classification
Item type Hindi Books
Classification part
Call number suffix दासकि
Holdings
Withdrawn status Lost status Damaged status Not for loan Home library Current library Date acquired Source of acquisition Cost, normal purchase price Total Checkouts Full call number Barcode Date last seen Copy number Cost, replacement price Koha item type Public note
Written off       Central Library Central Library 12/08/2015 Cen Lib/Ret 60.00   क दासकि A-883281 12/08/2015 1 60.00 Hindi Books Written off on approval by DLB (By Circulation); dtd 15-06-2023

© Delhi Public Library
Hit Counter
free hit counter